| Tag |
First Indicator |
Second Indicator |
Subfields |
| LEADER |
00000cam a22000001i 4500 |
| 001 |
in00002511421 |
| 005 |
20190327173929.0 |
| 006 |
m | d | |
| 007 |
cr |n ---||a|a |
| 008 |
750423s1911 xx s 000 0 eng d |
| 035 |
|
|
|9 (DLC) 11026427
|
| 035 |
|
|
|a (OCoLC)1295734
|
| 035 |
|
|
|a (VaAlASP)ASPS00000463/nwld
|
| 040 |
|
|
|a DLC
|c FM
|d IAurC
|d DLC
|d VaAlASP
|d UtOrBLW
|
| 050 |
0 |
0 |
|a PS2133
|b .A3 1911
|
| 100 |
1 |
|
|a Jewett, Sarah Orne,
|d 1849-1909.
|
| 245 |
1 |
0 |
|a Letters of Sarah Orne Jewett /
|c ed. by Annie Fields.
|
| 264 |
|
1 |
|a Boston and New York :
|b Houghton Mifflin company,
|c 1911.
|
| 300 |
|
|
|a 4 preliminary leaves, [3]-259 pages, [1] page :
|b frontispiece, portraits, facsimiles ;
|c 20-1/2 cm.
|
| 336 |
|
|
|a text
|b txt
|2 rdacontent
|
| 337 |
|
|
|a computer
|b c
|2 rdamedia
|
| 338 |
|
|
|a online resource
|b cr
|2 rdacarrier
|
| 533 |
|
|
|a Electronic reproduction.
|b Alexandria, VA :
|c Alexander Street Press,
|d 2002.
|f (North American women's letters and diaries).
|n Available via World Wide Web.
|
| 500 |
|
|
|a Electronic resource.
|
| 600 |
1 |
0 |
|a Jewett, Sarah Orne,
|d 1849-1909
|v Correspondence.
|
| 650 |
|
0 |
|a Authors, American
|y 19th century
|v Correspondence.
|
| 655 |
|
0 |
|a Electronic books.
|
| 700 |
1 |
|
|a Fields, Annie,
|d 1834-1915,
|e editor.
|
| 776 |
1 |
|
|c Original
|w (DLC) 11026427
|
| 830 |
|
0 |
|a North American women's letters and diaries.
|
| 856 |
4 |
0 |
|z Connect to the full text of this electronic book
|u http://proxy.library.tamu.edu/login?url=http://www.aspresolver.com/aspresolver.asp?NWLD;S463
|t 0
|
| 999 |
|
|
|a MARS
|
| 999 |
f |
f |
|s 79755924-442a-3c82-a50f-a7b455704720
|i 54ba9cc7-5c06-357b-8024-7af175e1f09a
|t 0
|
| 952 |
f |
f |
|a Texas A&M University
|b College Station
|c Electronic Resources
|d Available Online
|t 0
|e PS2133 .A3 1911
|h Library of Congress classification
|
| 998 |
f |
f |
|a PS2133 .A3 1911
|t 0
|l Available Online
|